QUEST Central Library Banner

Programming by Design (Record no. 10130)

MARC details
000 -LEADER
fixed length control field 00221nam a2200109 4500
082 ## - DEWEY DECIMAL CLASSIFICATION NUMBER
Classification number MIL
100 ## - MAIN ENTRY--AUTHOR NAME
Personal name Miller
245 ## - TITLE STATEMENT
Title Programming by Design
260 ## - PUBLICATION, DISTRIBUTION, ETC. (IMPRINT)
Place of publication USA:
Name of publisher McGraw-Hill,
Year of publication 1989.
300 ## - PHYSICAL DESCRIPTION
Number of Pages 687p. ;
942 ## - ADDED ENTRY ELEMENTS (KOHA)
Koha item type Books
Holdings
Withdrawn status Lost status Home library Current library Date acquired Full call number Accession Number Koha item type
    Central Library, QUEST, Nawabshah Central Library, QUEST, Nawabshah 18/09/2014 MIL 15887 Books

Copyright © 2018,The QUEST, Nawabshah, Shaheed Benazirabad. All rights reserved
Mr. G. Farooq Channar (Librarian) QUEST, Nawabshah, Sindh, Pakistan 67480.
 Ph#: |   0244-9370381-4 Ext. 2308   Email| lib@quest.edu.pk   Web|  http://www.quest.edu.pk